[Event "SLO-ch U20 Girls"]
[Site "Pohorje"]
[Date "2010.06.28"]
[Round "5"]
[White "Bucar, Natasa"]
[Black "Bojc, Dasa"]
[Result "1-0"]
[WhiteElo "1954"]
[BlackElo "1608"]
[PlyCount "135"]
[EventDate "2010.06.25"]
[EventType "swiss"]
[EventRounds "7"]
[EventCountry "SLO"]
[SourceTitle "CBM 137 Extra"]
[Source "ChessBase"]
[SourceDate "2010.09.01"]
[SourceVersion "1"]
[SourceVersionDate "2010.09.01"]
[SourceQuality "1"]

1. e4 e5 2. Nf3 Nc6 3. d4 exd4 4. Nxd4 Bc5 5. Be3 Qf6 6. c3 Nge7 7. Be2 0-0 8. 0-0 Bxd4 9. cxd4 d5 10. Nc3 dxe4 11. Nxe4 Qg6 12. Nc3 Be6 13. Bf3 Bc4 14. Ne2 Rfd8 15. Qa4 Bxe2 16. Bxe2 Nf5 17. Bd3 Qf6 18. Bxf5 Qxf5 19. Rac1 Rd6 20. Rc5 Qe4 21. Qb3 b6 22. Rc3 Rc8 23. f3 Qf5 24. Qa4 Qd7 25. Rfc1 Qe7 26. Bf2 Nd8 27. Qxa7 Ne6 28. Qb7 Qd7 29. Rd1 Rd8 30. Rc4 Qb5 31. b3 Qa5 32. a4 Qg5 33. Kh1 h6 34. b4 h5 35. Qe4 Qf6 36. d5 Ng5 37. Qe1 Rxd5 38. Rxd5 Rxd5 39. Rxc7 Qd6 40. Rc1 Ne6 41. h3 Rd4 42. Qc3 Rd2 43. Kg1 Ra2 44. a5 bxa5 45. bxa5 Qa6 46. Qc8+ Qxc8 47. Rxc8+ Kh7 48. Ra8 Kg6 49. Bg3 Nc5 50. Bd6 Nd3 51. Bg3 Kf5 52. a6 g5 53. Bc7 h4 54. Bb6 Ra1+ 55. Kh2 Nb4 56. a7 Nc6 57. Rf8 Nxa7 58. Rxf7+ Kg6 59. Rxa7 Rxa7 60. Bxa7 Kf5 61. Bb8 Kg6 62. Kg1 Kf5 63. Kf2 Kg6 64. Ke3 Kf5 65. Bc7 Kg6 66. Ke4 Kf6 67. Be5+ Kg6 68. Bd4 1-0

[Event "SLO-ch U20 Girls"]
[Site "Pohorje"]
[Date "2010.06.27"]
[Round "4"]
[White "Kolaric, Spela"]
[Black "Bucar, Natasa"]
[Result "1-0"]
[WhiteElo "1997"]
[BlackElo "1954"]
[PlyCount "163"]
[EventDate "2010.06.25"]
[EventType "swiss"]
[EventRounds "7"]
[EventCountry "SLO"]
[SourceTitle "CBM 137 Extra"]
[Source "ChessBase"]
[SourceDate "2010.09.01"]
[SourceVersion "1"]
[SourceVersionDate "2010.09.01"]
[SourceQuality "1"]

1. e4 c5 2. Nf3 d6 3. c3 Nf6 4. h3 Nc6 5. Bd3 g6 6. Bc2 Bg7 7. 0-0 0-0 8. d4 e5 9. Be3 Qe7 10. Re1 cxd4 11. cxd4 Nb4 12. Nc3 Nxc2 13. Qxc2 Bd7 14. dxe5 dxe5 15. Bg5 Qe6 16. Rad1 Rac8 17. Nxe5 Qxe5 18. Bxf6 Qxf6 19. Rxd7 Qc6 20. Rd3 Rfe8 21. Qd2 Qc4 22. a3 b5 23. f3 a5 24. Rd1 b4 25. axb4 Qxb4 26. Nd5 Qxb2 27. Qxa5 Rc2 28. R3d2 Rxd2 29. Qxd2 Qxd2 30. Rxd2 g5 31. Ne3 Be5 32. Nf5 h5 33. Rd7 Rf8 34. Kf2 Kh7 35. g3 Kg6 36. h4 gxh4 37. Nxh4+ Kg7 38. Rd5 Bf6 39. Rxh5 Ra8 40. Nf5+ Kg8 41. Ke3 Ra1 42. Kf4 Bc3 43. Rh2 f6 44. Rc2 Be5+ 45. Kg4 Re1 46. Rc4 Rh1 47. f4 Bb2 48. Rc8+ Kf7 49. Rc7+ Kf8 50. Nd6 Rd1 51. Nc4 Rc1 52. Kf5 Bd4 53. Rc6 Ke7 54. Re6+ Kf8 55. Nd6 Rg1 56. Re8+ Kg7 57. Ke6 Bc3 58. Nf5+ Kh7 59. Re7+ Kg8 60. Nh6+ Kh8 61. g4 Rh1 62. Nf7+ Kg8 63. e5 fxe5 64. Nxe5 Re1 65. Kf5 Bd2 66. g5 Rf1 67. Ng6 Ra1 68. Rd7 Ra5+ 69. Ne5 Bc1 70. g6 Ra4 71. Nd3 Ra5+ 72. Kf6 Ra6+ 73. Kg5 Ba3 74. f5 Ra5 75. g7 Kh7 76. Nf4 Bc1 77. g8Q+ Kxg8 78. Kg6 Ra6+ 79. Ne6 Ra8 80. f6 Ba3 81. Rg7+ Kh8 82. Rh7+ 1-0